| 000 | 00953cam a2200313 4500 | ||
|---|---|---|---|
| 008 | 090401t1995 xxu||||| |||| 00| 0 eng d | ||
| 020 | _a0854067132 | ||
| 035 | _a(Sirsi) u62782 | ||
| 041 | _aeng | ||
| 050 | _a630.0269411 | ||
| 090 | _aRICS 1995/95ABCD | ||
| 100 | _aJackson, Roderick E. | ||
| 245 | _aLand tenure patterns in Scotland. | ||
| 260 |
_aEdinburgh _bRICS _c1995 |
||
| 300 | _a47p. : ill.,maps ; 30cm. | ||
| 350 | _a7.99 | ||
| 520 | _aResearch funded by the RICS Education Trust. | ||
| 650 | _aPROPERTY-LANDLORD AND TENANT-TENANCIES-AGRICULTURAL TENANCIES | ||
| 650 | _aFARM BUSINESS TENANCIES | ||
| 650 | _aLAND TENURE | ||
| 650 |
_aLand use _96251 |
||
| 650 | _aSCOTLAND | ||
| 690 | _aLANDLORD AND TENANT-AGRICULTURAL TENANCIES | ||
| 700 | _aStockdale, Aileen | ||
| 710 |
_aRoyal Institution of Chartered Surveyors _bScotland _93082 |
||
| 710 |
_aUniversity of Aberdeen _92596 |
||
| 942 | _n0 | ||
| 948 | _c04/03/1997 | ||
| 999 |
_c94481 _d94481 |
||